[Event "20th EUR-ch"]
[Site "Skopje MKD"]
[Date "2019.03.25"]
[Round "7"]
[White "Plenca, Jadranko"]
[Black "Badelka, Olga"]
[Result "1/2-1/2"]
[WhiteElo "2487"]
[BlackElo "2384"]
[EventDate "2019.03.18"]
[Board "90"]
[PlyCount "90"]

1.e4 e6 2.d4 d5 3.Nd2 c5 4.exd5 Qxd5 5.Ngf3 cxd4 6.Bc4 Qd6 7.O-O Nf6 8.Nb3
Nc6 9.Nbxd4 Nxd4 10.Nxd4 a6 11.Bb3 Qc7 12.Qf3 Bd6 13.Kh1 O-O 14.Bg5 Be5 
15.Rad1 Bd7 16.c3 h6 17.Bh4 Nh7 18.Qd3 Bf6 19.Bg3 e5 20.Rfe1 Rad8 21.Qe2 
Rfe8 22.Qh5 Bc8 23.Re2 Bg5 24.Rde1 Nf6 25.Qg6 Kf8 26.Qc2 Bf4 27.Bxf4 exf4 
28.h3 Rxe2 29.Rxe2 Qc5 30.Qd2 Qc7 31.Qe1 g5 32.Re5 Re8 33.Rxe8+ Nxe8 34.
Nf3 Ng7 35.Qe4 Bf5 36.Qb4+ Qe7 37.Ne5 Be6 38.Bxe6 Nxe6 39.Qe4 Kg7 40.Nf3 
Qc7 41.Kg1 h5 42.Qf5 Qd8 43.h4 g4 44.Ne5 Qd1+ 45.Kh2 g3+ 1/2-1/2

[Event "20th EUR-ch"]
[Site "Skopje MKD"]
[Date "2019.03.25"]
[Round "7"]
[White "Fakhrutdinov, Timur"]
[Black "Gines Esteo, Pedro Antonio"]
[Result "1-0"]
[WhiteElo "2485"]
[BlackElo "2372"]
[EventDate "2019.03.18"]
[Board "91"]
[PlyCount "67"]

1.e4 c6 2.d4 d5 3.e5 Bf5 4.g4 Bd7 5.c4 e6 6.Nc3 Ne7 7.Nf3 dxc4 8.Ne4 Nd5 
9.Bxc4 c5 10.dxc5 Bxc5 11.Nxc5 Qa5+ 12.Nd2 Qxc5 13.Ne4 Qb4+ 14.Bd2 Qxb2 
15.Bxd5 Qxe5 16.Bxb7 Nc6 17.O-O Rb8 18.Bxc6 Bxc6 19.f3 Qd4+ 20.Rf2 Bxe4 
21.fxe4 Qxe4 22.Qf3 Qxf3 23.Rxf3 Rb2 24.Bc3 Rc2 25.Bd4 Rc4 26.Bxa7 Rxg4+ 
27.Kh1 O-O 28.a4 e5 29.a5 e4 30.Rb3 Rg6 31.a6 Rf6 32.Be3 Rc6 33.a7 Rcc8 
34.Rab1 1-0

[Event "20th EUR-ch"]
[Site "Skopje MKD"]
[Date "2019.03.25"]
[Round "7"]
[White "Saraci, Nderim"]
[Black "Radovanovic, Mihajlo"]
[Result "1/2-1/2"]
[WhiteElo "2391"]
[BlackElo "2483"]
[EventDate "2019.03.18"]
[Board "92"]
[PlyCount "75"]

1.d4 Nf6 2.Nf3 g6 3.g3 Bg7 4.Bg2 O-O 5.O-O d6 6.c4 Nc6 7.Nc3 e5 8.dxe5 
dxe5 9.Qxd8 Rxd8 10.Bg5 Be6 11.Nd2 Rdc8 12.Bxf6 Bxf6 13.Nb3 Be7 14.Bxc6 
bxc6 15.Na5 Bd7 16.Rfd1 Be8 17.a3 f6 18.b4 a6 19.Na4 Rd8 20.Nc5 Rxd1+ 21.
Rxd1 Kf7 22.Rd3 f5 23.f3 h5 24.e4 f4 25.Kf2 Bxc5+ 26.bxc5 Rb8 27.Rb3 Rxb3 
28.Nxb3 Bd7 29.Nc1 Kf6 30.gxf4 exf4 31.h4 g5 32.hxg5+ Kxg5 33.Nd3 Be6 34.
Ne5 Kf6 35.Nd3 Kg5 36.Ne5 Kf6 37.Nd3 Kg5 38.Ne5 1/2-1/2

[Event "20th EUR-ch"]
[Site "Skopje MKD"]
[Date "2019.03.25"]
[Round "7"]
[White "Arsovic, Goran"]
[Black "Jurcik, Marian"]
[Result "0-1"]
[WhiteElo "2380"]
[BlackElo "2474"]
[EventDate "2019.03.18"]
[Board "93"]
[PlyCount "76"]

1.d4 Nf6 2.Nf3 e6 3.c4 d5 4.Nc3 a6 5.cxd5 exd5 6.Bg5 Be6 7.e3 Nbd7 8.Bd3 
c6 9.h3 Bd6 10.Bf4 Qc7 11.Bxd6 Qxd6 12.Qc2 h6 13.a3 a5 14.Rc1 O-O 15.O-O 
Rfe8 16.Rce1 b6 17.Nh2 c5 18.f4 Nf8 19.Qf2 cxd4 20.exd4 Bd7 21.f5 Bc6 22.
Nf3 N8d7 23.Qh4 Rab8 24.Rxe8+ Rxe8 25.Re1 Rb8 26.Bb5 Bxb5 27.Nxb5 Qc6 28.
Nc3 b5 29.Ne5 Qc7 30.Nxd7 Qxd7 31.Qf4 Rc8 32.Re5 b4 33.axb4 axb4 34.Nd1 
Rc2 35.Kh2 Qc7 36.b3 Kh7 37.Qg3 Ne4 38.Qg4 Rd2 0-1

[Event "20th EUR-ch"]
[Site "Skopje MKD"]
[Date "2019.03.25"]
[Round "7"]
[White "Lodici, Lorenzo"]
[Black "Shubin, Kirill"]
[Result "0-1"]
[WhiteElo "2474"]
[BlackElo "2370"]
[EventDate "2019.03.18"]
[Board "94"]
[PlyCount "63"]

1.d4 e6 2.c4 Nf6 3.g3 d5 4.Bg2 Bb4+ 5.Bd2 Bd6 6.Nc3 dxc4 7.e4 e5 8.dxe5 
Bxe5 9.Nf3 Nc6 10.O-O Bg4 11.h3 Bxf3 12.Bxf3 Qd7 13.Bg2 O-O-O 14.Nd5 Nxd5 
15.exd5 Ne7 16.Rc1 Nxd5 17.Rxc4 Nb6 18.Rc2 Kb8 19.Qh5 f6 20.Be3 g6 21.Qf3 
Qd5 22.Qg4 Qxa2 23.Qe4 Qd5 24.Qb4 Qd3 25.Rd2 Qc4 26.Rxd8+ Rxd8 27.Qe7 Qg8 
28.Qa3 Qc4 29.Ra1 Bd4 30.Bxd4 Rxd4 31.Qf3 Rd3 32.Qxf6 0-1

[Event "20th EUR-ch"]
[Site "Skopje MKD"]
[Date "2019.03.25"]
[Round "7"]
[White "Stoyanov, Tsvetan"]
[Black "Bakalchuk, Johnatan"]
[Result "1/2-1/2"]
[WhiteElo "2370"]
[BlackElo "2471"]
[EventDate "2019.03.18"]
[Board "95"]
[PlyCount "87"]

1.e4 c6 2.c4 d5 3.exd5 cxd5 4.cxd5 Nf6 5.Bb5+ Nbd7 6.Nf3 a6 7.Ba4 b5 8.Bb3
Bb7 9.O-O Nxd5 10.Nc3 N7f6 11.a4 b4 12.a5 Qc7 13.Nxd5 Bxd5 14.Bxd5 Nxd5 
15.d4 e6 16.Ne5 Bd6 17.Qa4+ Ke7 18.Bd2 Bxe5 19.dxe5 Rhb8 20.Rfe1 Rb5 21.
Qb3 Kf8 22.Rac1 Qxa5 23.Rc4 Rc5 24.Rxb4 Rb5 25.Rxb5 Qxb5 26.Qc2 Kg8 27.Re4
Ne7 28.Rh4 Nf5 29.Rc4 h5 30.Rc5 Qd7 31.h3 h4 32.Rc7 Qd5 33.Rc8+ Rxc8 34.
Qxc8+ Kh7 35.Bc3 Qd1+ 36.Kh2 Qe2 37.Qc5 g5 38.Qf8 Nh6 39.Qe7 Qxf2 40.Qxg5 
Nf5 41.Qh5+ Kg7 42.Qg5+ Kh7 43.Qh5+ Kg7 44.Qg5+ 1/2-1/2

[Event "20th EUR-ch"]
[Site "Skopje MKD"]
[Date "2019.03.25"]
[Round "7"]
[White "Firat, Burak"]
[Black "Iliaguev, Nisim"]
[Result "1-0"]
[WhiteElo "2468"]
[BlackElo "2366"]
[EventDate "2019.03.18"]
[Board "96"]
[PlyCount "63"]

1.e4 c5 2.Nf3 g6 3.d4 cxd4 4.Nxd4 Nc6 5.c4 Nf6 6.Nc3 d6 7.Be2 Nxd4 8.Qxd4 
Bg7 9.Be3 O-O 10.Qd2 a5 11.f3 a4 12.Kf2 Qa5 13.Rac1 Bd7 14.Nd5 Nxd5 15.
Qxa5 Rxa5 16.cxd5 Bxb2 17.Rc7 Bc8 18.Rxe7 Ra8 19.Rb1 a3 20.Rc7 f5 21.Bf4 
Rf6 22.Ke3 Rb8 23.Bb5 fxe4 24.fxe4 Bg4 25.Bg5 Rff8 26.Be7 Rf7 27.Bxd6 Rxc7
28.Bxc7 Rc8 29.d6 Be6 30.Rd1 Be5 31.d7 Bxd7 32.Bc4+ 1-0

[Event "20th EUR-ch"]
[Site "Skopje MKD"]
[Date "2019.03.25"]
[Round "7"]
[White "Mihajlov, Sebastian"]
[Black "Grinberg, Eyal"]
[Result "0-1"]
[WhiteElo "2356"]
[BlackElo "2467"]
[EventDate "2019.03.18"]
[Board "97"]
[PlyCount "86"]

1.e4 c5 2.Nf3 d6 3.d4 cxd4 4.Nxd4 Nf6 5.Nc3 a6 6.f3 e5 7.Nb3 Be6 8.Be3 h5 
9.Nd5 Bxd5 10.exd5 Nbd7 11.Qd2 Qc7 12.c4 g6 13.Be2 b6 14.O-O Bg7 15.Rae1 
O-O 16.h3 Nc5 17.Nxc5 bxc5 18.Bd3 Rab8 19.b3 a5 20.Bc2 Rfe8 21.g4 a4 22.
Bg5 axb3 23.axb3 hxg4 24.hxg4 e4 25.Bxf6 Bxf6 26.Rxe4 Rxe4 27.fxe4 Qe7 28.
Kg2 Ra8 29.Bb1 Ra3 30.Rf3 Ra1 31.Bd3 Bd4 32.Rf1 Ra3 33.Bc2 Ra2 34.Kh3 Qe5 
35.Kg2 Qh8 36.Rh1 Qf6 37.Rh3 Ba1 38.Rh2 Bc3 39.Qe2 Be5 40.Rh1 Qf4 41.Qd3 
Qxg4+ 42.Kf2 Bd4+ 43.Ke1 Qg2 0-1

[Event "20th EUR-ch"]
[Site "Skopje MKD"]
[Date "2019.03.25"]
[Round "7"]
[White "Krykun, Yuriy"]
[Black "Tutisani, Noe"]
[Result "1/2-1/2"]
[WhiteElo "2342"]
[BlackElo "2467"]
[EventDate "2019.03.18"]
[Board "98"]
[PlyCount "49"]

1.Nf3 g6 2.d4 Nf6 3.c4 Bg7 4.Nc3 d5 5.cxd5 Nxd5 6.e4 Nxc3 7.bxc3 c5 8.Bb5+
Nc6 9.O-O O-O 10.Be3 cxd4 11.cxd4 Bg4 12.Bxc6 bxc6 13.Rc1 Rc8 14.Rc5 Qd6 
15.Qa4 Bxf3 16.gxf3 e5 17.d5 cxd5 18.Rxd5 Qf6 19.Kg2 Rc3 20.Qa5 Rfc8 21.
Rfd1 Bf8 22.R1d3 Rxd3 23.Rxd3 a6 24.Rc3 Rxc3 25.Qxc3 1/2-1/2

[Event "20th EUR-ch"]
[Site "Skopje MKD"]
[Date "2019.03.25"]
[Round "7"]
[White "Costachi, Mihnea"]
[Black "Lazov, Toni"]
[Result "1/2-1/2"]
[WhiteElo "2466"]
[BlackElo "2332"]
[EventDate "2019.03.18"]
[Board "99"]
[PlyCount "73"]

1.d4 Nf6 2.c4 g6 3.Nc3 Bg7 4.e4 d6 5.Be2 O-O 6.Be3 Na6 7.Nf3 e5 8.O-O Ng4 
9.Bg5 Qe8 10.h3 h6 11.Bc1 Nf6 12.dxe5 dxe5 13.Be3 b6 14.a3 Bb7 15.Qc2 Nc5 
16.Bxc5 bxc5 17.Nd5 Rc8 18.Nd2 c6 19.Nxf6+ Bxf6 20.Qa4 Qd8 21.Qc2 Be7 22.
Rad1 Qc7 23.Nb3 h5 24.Rd3 Rcd8 25.Rfd1 Bc8 26.Rg3 Rxd1+ 27.Bxd1 Kh7 28.Be2
Bh4 29.Rd3 f5 30.Rf3 Be7 31.exf5 gxf5 32.Re3 h4 33.Bd3 Kg7 34.Re1 e4 35.
Qe2 Bf6 36.Bb1 Qe5 37.f3 1/2-1/2

[Event "20th EUR-ch"]
[Site "Skopje MKD"]
[Date "2019.03.25"]
[Round "7"]
[White "Osmanodja, Filiz"]
[Black "Petriashvili, Nikoloz"]
[Result "0-1"]
[WhiteElo "2326"]
[BlackElo "2465"]
[EventDate "2019.03.18"]
[Board "100"]
[PlyCount "74"]

1.e4 c5 2.Nc3 d6 3.Nf3 Nf6 4.d4 cxd4 5.Nxd4 a6 6.h3 e5 7.Nde2 Be7 8.g4 O-O
9.Ng3 Nc6 10.Be3 Be6 11.Bg2 Ne8 12.Qd2 h6 13.Nd5 Bg5 14.Nf5 Bxd5 15.Bxg5 
Qxg5 16.Qxg5 hxg5 17.exd5 Na7 18.Ne7+ Kh7 19.h4 g6 20.hxg5+ Kg7 21.a4 Nc8 
22.Nxc8 Rxc8 23.c3 Rc4 24.f3 Nc7 25.Bf1 Rf4 26.c4 e4 27.Ra3 exf3 28.Kf2 
Rxg4 29.Rg1 Rxg1 30.Kxg1 a5 31.Rb3 Na6 32.Rb5 Nc5 33.Rxa5 Ne4 34.Rb5 Rh8 
35.Rb3 f2+ 36.Kg2 Rh5 37.Rxb7 Rxg5+ 0-1

[Event "20th EUR-ch"]
[Site "Skopje MKD"]
[Date "2019.03.25"]
[Round "7"]
[White "Del Rio Angelis, Salvador Gabriel"]
[Black "Yordanov, Lachezar"]
[Result "1-0"]
[WhiteElo "2464"]
[BlackElo "2308"]
[EventDate "2019.03.18"]
[Board "101"]
[PlyCount "93"]

1.d4 Nf6 2.c4 e6 3.Nc3 Bb4 4.Bg5 c5 5.d5 h6 6.Bh4 Bxc3+ 7.bxc3 d6 8.e3 g5 
9.Bg3 e5 10.Bd3 Qe7 11.Ne2 Kd8 12.O-O Nbd7 13.Bf5 Nb6 14.Bxc8 Kxc8 15.f4 
e4 16.Qb3 Ng4 17.Bf2 gxf4 18.Nxf4 Ne5 19.a4 Rg8 20.Qc2 Nbxc4 21.Qxe4 Nd2 
22.Qh7 Kc7 23.Rfd1 Ndf3+ 24.Kh1 Ng4 25.Bg3 Nfe5 26.Re1 Rae8 27.Re2 Nf6 28.
Qc2 Rxg3 29.hxg3 Neg4 30.Qf5 Rg8 31.Kg1 Rg5 32.Qd3 Re5 33.Rb1 Kc8 34.a5 
Re4 35.Nh3 c4 36.Qd2 Qe5 37.Nf4 Nd7 38.Qb2 Nc5 39.Qb5 Qe7 40.a6 Nxa6 41.
Ra2 Rxe3 42.Ne6 fxe6 43.Qxc4+ Nc5 44.Qxg4 a6 45.Rf2 Qg5 46.Rf8+ Kd7 47.
Rxb7+ 1-0

[Event "20th EUR-ch"]
[Site "Skopje MKD"]
[Date "2019.03.25"]
[Round "7"]
[White "Mitsis, Georgios"]
[Black "Belyakov, Bogdan"]
[Result "1/2-1/2"]
[WhiteElo "2338"]
[BlackElo "2464"]
[EventDate "2019.03.18"]
[Board "102"]
[PlyCount "133"]

1.d4 d5 2.Nf3 c5 3.c4 dxc4 4.e3 cxd4 5.Bxc4 e6 6.exd4 Nf6 7.O-O Nc6 8.Nc3 
Be7 9.Bg5 O-O 10.a3 b6 11.Qd3 h6 12.Bh4 Bb7 13.Rad1 Nd5 14.Bxd5 exd5 15.
Bxe7 Nxe7 16.Ne5 Nc8 17.Ne2 Nd6 18.Ng3 Re8 19.Rfe1 Rc8 20.Nf5 Nxf5 21.Qxf5
Rc7 22.Re3 Qc8 23.Qh5 Rce7 24.Rc3 Qe6 25.h3 Qd6 26.Rf3 Qc7 27.Rc3 Qd6 28.
Rf3 Qc7 29.Rg3 Qd6 30.Qg4 f6 31.Qg6 Bc8 32.Rf3 Bd7 33.Rc1 a5 34.Rcc3 Qe6 
35.Nxd7 Qxd7 36.Rxf6 Qa4 37.Rf4 Qd1+ 38.Kh2 Qd2 39.Qf5 Qxb2 40.Qxd5+ Kh8 
41.Rcf3 Qc2 42.Rf8+ Rxf8 43.Rxf8+ Kh7 44.Qg8+ Kg6 45.Rf4 Qc7 46.g3 Rf7 47.
Qe8 Qe7 48.Qc6+ Kh7 49.Rxf7 Qxf7 50.Kg2 Qb3 51.a4 Qb4 52.Qc2+ Kg8 53.Qc8+ 
Kf7 54.Qd7+ Kf6 55.d5 Qe4+ 56.Kh2 Qf5 57.Qc6+ Kf7 58.Qc7+ Ke8 59.Qxb6 Qxd5
60.Qe3+ Kf8 61.Qf4+ Kg8 62.h4 Qc5 63.g4 Qc3 64.g5 hxg5 65.hxg5 g6 66.Qe4 
Kf7 67.Kg2 1/2-1/2

[Event "20th EUR-ch"]
[Site "Skopje MKD"]
[Date "2019.03.25"]
[Round "7"]
[White "Milosevic, Milos"]
[Black "Yankelevich, Lev"]
[Result "0-1"]
[WhiteElo "2299"]
[BlackElo "2462"]
[EventDate "2019.03.18"]
[Board "103"]
[PlyCount "120"]

1.e4 Nf6 2.Nc3 Nc6 3.d4 d6 4.d5 Nb8 5.Nf3 g6 6.Be3 c6 7.Qd2 Qa5 8.Nd4 Bg7 
9.Nb3 Qc7 10.Bh6 Bxh6 11.Qxh6 cxd5 12.exd5 a6 13.Be2 b5 14.a3 Bb7 15.Rd1 
Nbd7 16.O-O Nb6 17.Rfe1 O-O-O 18.Na5 Ba8 19.Nc6 Bxc6 20.dxc6 Qxc6 21.a4 
Nc4 22.axb5 axb5 23.Nxb5 Qxb5 24.b3 Qc5 25.bxc4 Kd7 26.Rb1 Rb8 27.Qg7 Qe5 
28.Bf1 Rxb1 29.Rxb1 Ng4 30.Qxe5 Nxe5 31.Rb7+ Ke6 32.f4 Nd7 33.Kf2 Nc5 34.
Rb1 f5 35.Bd3 Ra8 36.Rd1 Kf6 37.Kf1 Ra2 38.Ke1 h6 39.Kd2 g5 40.fxg5+ hxg5 
41.Rf1 f4 42.h4 e5 43.hxg5+ Kxg5 44.Re1 Ra3 45.Bh7 Kg4 46.Bg8 Ra8 47.Bd5 
Rh8 48.Kc3 Kg3 49.Kb4 Rb8+ 50.Kc3 Rh8 51.Kb4 Kf2 52.Rd1 e4 53.Bc6 Rb8+ 54.
Kc3 e3 55.Bf3 Re8 56.Rd4 Kg3 57.Rd1 Ne4+ 58.Kd4 Nd2 59.Bc6 e2 60.Re1 Re3 
0-1

[Event "20th EUR-ch"]
[Site "Skopje MKD"]
[Date "2019.03.25"]
[Round "7"]
[White "Protopopova, Anastasiya"]
[Black "Kevlishvili, Robby"]
[Result "1/2-1/2"]
[WhiteElo "2263"]
[BlackElo "2461"]
[EventDate "2019.03.18"]
[Board "104"]
[PlyCount "79"]

1.d4 d5 2.c4 c6 3.Nf3 Nf6 4.Nc3 e6 5.Bg5 h6 6.Bxf6 Qxf6 7.e3 Nd7 8.Nd2 Be7
9.g3 O-O 10.Bg2 Rd8 11.O-O Bf8 12.Rb1 a6 13.b4 b5 14.c5 a5 15.a3 e5 16.Ne2
exd4 17.exd4 axb4 18.axb4 Nb8 19.Ra1 Na6 20.h3 Bf5 21.Qb3 Re8 22.Rae1 Rxe2
23.Rxe2 Qxd4 24.Rc1 Qxb4 25.Bxd5 Qxb3 26.Bxb3 Nxc5 27.Rxc5 Bxc5 28.Re5 Bb4
29.Rxf5 Bxd2 30.Bxf7+ Kh7 31.Rc5 Rf8 32.Be6 Be1 33.Rxc6 Bxf2+ 34.Kg2 Bd4 
35.g4 b4 36.Bf5+ Kh8 37.Rc8 Rxc8 38.Bxc8 b3 39.Be6 b2 40.Ba2 1/2-1/2

[Event "20th EUR-ch"]
[Site "Skopje MKD"]
[Date "2019.03.25"]
[Round "7"]
[White "Kalezic, Blazo"]
[Black "Martic, Zlatko"]
[Result "1-0"]
[WhiteElo "2460"]
[BlackElo "2261"]
[EventDate "2019.03.18"]
[Board "105"]
[PlyCount "75"]

1.e4 c6 2.d4 d5 3.Nd2 dxe4 4.Nxe4 Nf6 5.Nxf6+ exf6 6.c3 Bd6 7.Bd3 O-O 8.
Qc2 Re8+ 9.Ne2 h5 10.Be3 Nd7 11.O-O-O Nf8 12.Kb1 a5 13.Ng3 g6 14.Ne4 Be7 
15.h3 b5 16.Nc5 Kg7 17.Qe2 Ne6 18.Qf3 Qc7 19.g4 h4 20.Rhe1 b4 21.Nxe6+ 
Bxe6 22.c4 Rad8 23.Rc1 c5 24.d5 Bd7 25.Re2 Bd6 26.Rce1 a4 27.Bc1 a3 28.b3 
Qb8 29.Bh6+ Kxh6 30.Qxf6 Rg8 31.Re5 Bxe5 32.Rxe5 Qxe5 33.Qxe5 Rge8 34.Qf6 
Re1+ 35.Kc2 Rf8 36.Bxg6 Re2+ 37.Kd3 Rxf2 38.g5# 1-0

[Event "20th EUR-ch"]
[Site "Skopje MKD"]
[Date "2019.03.25"]
[Round "7"]
[White "Tifferet, Shaked"]
[Black "Janik, Igor"]
[Result "0-1"]
[WhiteElo "2219"]
[BlackElo "2454"]
[EventDate "2019.03.18"]
[Board "106"]
[PlyCount "96"]

1.e4 d6 2.d4 Nf6 3.Nc3 g6 4.f4 Bg7 5.Nf3 O-O 6.e5 Nfd7 7.Bc4 Nb6 8.Bb3 d5 
9.a4 a5 10.O-O Na6 11.Be3 f6 12.h3 Be6 13.g4 Qd7 14.Nh4 f5 15.gxf5 Bxf5 
16.Nxf5 Rxf5 17.Qg4 e6 18.Ne2 Nc4 19.Bxc4 dxc4 20.c3 Kh8 21.Ng3 Rf7 22.Ne4
Qd5 23.Ng5 Rf5 24.Qg2 c6 25.Qxd5 exd5 26.h4 Nc7 27.Rfb1 h6 28.Nh3 Bf8 29.
Ra2 Be7 30.b3 cxb3 31.Rxb3 b5 32.Bc1 Bxh4 33.Ba3 g5 34.fxg5 Rf3 35.Bd6 Ne6
36.axb5 Nxd4 37.cxd4 Rxb3 38.Nf4 Bxg5 39.Ne6 cxb5 40.Nc7 Rg8 41.Kf1 Be3 
42.Rxa5 Rg1+ 43.Ke2 Bxd4 44.Rxb5 Rg2+ 45.Kf1 Rf2+ 46.Kg1 Rg3+ 47.Kh1 Rh3+ 
48.Kg1 Rd2+ 0-1

[Event "20th EUR-ch"]
[Site "Skopje MKD"]
[Date "2019.03.25"]
[Round "7"]
[White "Zwardon, Vojtech"]
[Black "Csiki, Endre"]
[Result "1-0"]
[WhiteElo "2452"]
[BlackElo "2251"]
[EventDate "2019.03.18"]
[Board "107"]
[PlyCount "131"]

1.g3 e5 2.Bg2 Nc6 3.c4 Bc5 4.Nc3 d6 5.Nf3 Nf6 6.O-O a6 7.a3 O-O 8.b4 Ba7 
9.d3 h6 10.Rb1 Nd4 11.Nxd4 exd4 12.Nd5 Nxd5 13.cxd5 Re8 14.Re1 Bd7 15.Bb2 
Bb6 16.Qc2 Rc8 17.a4 c5 18.dxc6 Bxc6 19.Bxc6 Rxc6 20.Qb3 d5 21.a5 Ba7 22.
b5 Rg6 23.b6 Bb8 24.Qa4 h5 25.Kh1 h4 26.Qxd4 hxg3 27.fxg3 Qd7 28.Qf2 f6 
29.Rg1 Kf7 30.Rbc1 Rg5 31.Rcf1 Qe6 32.Rg2 Rh8 33.Kg1 Rhh5 34.Bd4 Bd6 35.
Qe3 Qh3 36.Rf3 Rf5 37.Rgf2 Rhg5 38.Qc1 Rxf3 39.Rxf3 Rh5 40.Qe3 Qxh2+ 41.
Kf1 Rh8 42.Qf2 Qh1+ 43.Qg1 Qxg1+ 44.Kxg1 Rc8 45.Kf2 Ke6 46.g4 Bc5 47.Ke3 
Kd6 48.Bxc5+ Rxc5 49.Kd4 Rxa5 50.g5 Ra4+ 51.Kc3 fxg5 52.Rf7 Kc6 53.Rxg7 
Kxb6 54.Rxg5 Kc5 55.e4 Ra3+ 56.Kc2 Kb4 57.Rxd5 Ra2+ 58.Kd1 Rh2 59.Rd7 b5 
60.e5 a5 61.e6 Rh6 62.e7 Re6 63.Rd4+ Kb3 64.Re4 Rxe7 65.Rxe7 a4 66.Kc1 1-0

[Event "20th EUR-ch"]
[Site "Skopje MKD"]
[Date "2019.03.25"]
[Round "7"]
[White "Colovic, Aleksandar"]
[Black "Emanuel, Yahav"]
[Result "1/2-1/2"]
[WhiteElo "2449"]
[BlackElo "2245"]
[EventDate "2019.03.18"]
[Board "108"]
[PlyCount "96"]

1.e4 e5 2.Nf3 Nc6 3.Bc4 Nf6 4.Ng5 d5 5.exd5 Na5 6.Bb5+ Bd7 7.Qe2 Be7 8.Nf3
Nxd5 9.Nxe5 c6 10.Bd3 O-O 11.Be4 Re8 12.O-O Bd6 13.d4 Nf6 14.Bf3 c5 15.Qd2
Bb5 16.c4 Nxc4 17.Nxc4 Bxc4 18.Rd1 cxd4 19.b3 Bd5 20.Qd3 Ne4 21.Nd2 Bxh2+ 
22.Kxh2 Qh4+ 23.Kg1 Qxf2+ 24.Kh2 Qg3+ 25.Kg1 Qf2+ 26.Kh2 Qh4+ 27.Kg1 Nf2 
28.Qf5 Nxd1 29.Bxd5 Re1+ 30.Nf1 Nc3 31.Qxf7+ Kh8 32.Bf3 d3 33.Bb2 Qd4+ 34.
Kh2 Qh4+ 35.Kg1 Qd4+ 36.Kh2 d2 37.Qc7 Qh4+ 38.Kg1 Qd4+ 39.Kh2 Qh4+ 40.Kg1 
Rxa1 41.Bxa1 Qd4+ 42.Kh2 d1=Q 43.Bxd1 Qh4+ 44.Kg1 Qd4+ 45.Kh2 Qh4+ 46.Kg1 
Qd4+ 47.Kh2 Qh4+ 48.Kg1 Qd4+ 1/2-1/2

[Event "20th EUR-ch"]
[Site "Skopje MKD"]
[Date "2019.03.25"]
[Round "7"]
[White "Draskovic, Luka"]
[Black "Zlatin, Alexander"]
[Result "0-1"]
[WhiteElo "2449"]
[BlackElo "2243"]
[EventDate "2019.03.18"]
[Board "109"]
[PlyCount "74"]

1.e4 e5 2.Nf3 Nf6 3.Nxe5 d6 4.Nc4 Nxe4 5.Qe2 Qe7 6.Ne3 Nc6 7.Nd5 Nd4 8.
Nxe7 Nxe2 9.Nd5 Nd4 10.Bd3 Nc5 11.Nxc7+ Kd8 12.Nxa8 Nxd3+ 13.cxd3 Nc2+ 14.
Kd1 Nxa1 15.b4 Bg4+ 16.f3 Bf5 17.Bb2 Bxd3 18.Na3 Kd7 19.Bxa1 Be7 20.Bxg7 
Rxa8 21.Bc3 d5 22.Nc2 Rc8 23.Ne3 d4 24.Bxd4 Bxb4 25.Nd5 Ba3 26.Bc3 Rc5 27.
Nf6+ Kc6 28.Ke1 b5 29.Kf2 b4 30.Bd4 Rc2 31.Ke3 Bc4 32.Bxa7 Bxa2 33.Bd4 b3 
34.Kd3 Bc1 35.Ne4 f5 36.Nc3 Rxd2+ 37.Ke3 Rd1+ 0-1

[Event "20th EUR-ch"]
[Site "Skopje MKD"]
[Date "2019.03.25"]
[Round "7"]
[White "Kozak, Adam"]
[Black "Sahin, Ozgun"]
[Result "1-0"]
[WhiteElo "2445"]
[BlackElo "2221"]
[EventDate "2019.03.18"]
[Board "110"]
[PlyCount "46"]

1.Nf3 g6 2.g3 Bg7 3.d4 d6 4.Bg2 Nd7 5.O-O e5 6.e4 exd4 7.Nxd4 Ne7 8.Nc3 
O-O 9.h3 Nc6 10.Nb3 a5 11.a4 Nb6 12.Re1 Be6 13.Nd5 Nc4 14.c3 Re8 15.Kh2 h6
16.Re2 Ne7 17.Nf4 Bd7 18.Nd4 c5 19.Nc2 Bc6 20.Ne3 Nb6 21.Bd2 Qb8 22.Qb3 
Qc7 23.Rd1 Rad8 1-0

[Event "20th EUR-ch"]
[Site "Skopje MKD"]
[Date "2019.03.25"]
[Round "7"]
[White "Kozul, Zdenko"]
[Black "Tomerlin, Sinisa"]
[Result "1-0"]
[WhiteElo "2619"]
[BlackElo "2192"]
[EventDate "2019.03.18"]
[Board "111"]
[PlyCount "103"]

1.d4 Nf6 2.Nf3 d6 3.c4 Nbd7 4.Nc3 c6 5.e4 e5 6.Be2 Be7 7.O-O O-O 8.Be3 
exd4 9.Nxd4 Nc5 10.f3 a5 11.b3 Re8 12.Qd2 Bf8 13.Rfd1 g6 14.Nxc6 Ncxe4 15.
Nxd8 Nxd2 16.Bd4 Nxb3 17.axb3 Bg7 18.Nxf7 Kxf7 19.Ra2 Bd7 20.Bf1 Bc6 21.
Na4 Bxa4 22.bxa4 Nd7 23.Bf2 Be5 24.g3 g5 25.Bh3 Re7 26.f4 gxf4 27.gxf4 
Bxf4 28.Bh4 Rg8+ 29.Kh1 Bg5 30.Bg3 Ne5 31.Bg2 Rg6 32.Be4 Rh6 33.Bd5+ Ke8 
34.Rg2 Rg6 35.Be1 Be3 36.Rxg6 hxg6 37.Bxa5 Rh7 38.Kg2 b6 39.Bb4 Kd7 40.
Bxd6 Bf4 41.h3 Rh5 42.c5 Rg5+ 43.Kf1 bxc5 44.Bxc5 Rg3 45.a5 Be3 46.Bg2+ 
Kc8 47.Bd6 Rg5 48.a6 Nc4 49.Bb7+ Kd7 50.Bf4+ Nd2+ 51.Rxd2+ Bxd2 52.Bxg5 
1-0

[Event "20th EUR-ch"]
[Site "Skopje MKD"]
[Date "2019.03.25"]
[Round "7"]
[White "Baenziger, Fabian"]
[Black "Romanov, Evgeny"]
[Result "0-1"]
[WhiteElo "2351"]
[BlackElo "2612"]
[EventDate "2019.03.18"]
[Board "112"]
[PlyCount "96"]

1.Nf3 Nf6 2.g3 b6 3.Bg2 Bb7 4.O-O g6 5.d3 Bg7 6.e4 c5 7.Nc3 d6 8.Nh4 Nc6 
9.f4 Nd7 10.f5 Nd4 11.Bg5 Bf6 12.Bxf6 exf6 13.fxg6 hxg6 14.Qd2 Ne5 15.Rae1
Kf8 16.Nd5 Bxd5 17.exd5 g5 18.Nf5 Nxf5 19.Rxf5 Kg7 20.Qe2 Qd7 21.Ref1 Rh6 
22.c3 Qb5 23.Be4 Rah8 24.R1f2 Qe8 25.d4 Nd7 26.Bd3 Qd8 27.Qf3 Re8 28.h4 
gxh4 29.g4 Qe7 30.Re2 Qf8 31.Rf2 Qe7 32.Kh2 Qe3 33.g5 Rg6 34.gxf6+ Kf8 35.
Rh5 Nxf6 36.Bxg6 Ng4+ 37.Kg2 Qxf2+ 38.Qxf2 Nxf2 39.Rf5 Kg7 40.Bh5 Nd3 41.
Rxf7+ Kh6 42.Rf5 Rg8+ 43.Kh3 Rg5 44.Bg4 Rxf5 45.Bxf5 Nxb2 46.dxc5 bxc5 47.
Kxh4 Nd1 48.c4 Nb2 0-1

[Event "20th EUR-ch"]
[Site "Skopje MKD"]
[Date "2019.03.25"]
[Round "7"]
[White "Gazik, Viktor"]
[Black "Krstulovic, Alex"]
[Result "1-0"]
[WhiteElo "2535"]
[BlackElo "2351"]
[EventDate "2019.03.18"]
[Board "113"]
[PlyCount "91"]

1.e4 e5 2.Nf3 Nc6 3.c3 Nf6 4.d3 d5 5.Nbd2 a5 6.a4 Bc5 7.h3 O-O 8.Qc2 h6 9.
Be2 Ba7 10.g4 Qe7 11.Rh2 Rd8 12.Nf1 Qc5 13.Qb1 Bxg4 14.hxg4 Nxg4 15.Be3 d4
16.cxd4 exd4 17.Nxd4 Nxh2 18.Nxc6 Qxc6 19.Nxh2 Bxe3 20.fxe3 Qd6 21.Nf3 
Qb4+ 22.Nd2 Ra6 23.Qc2 Rg6 24.O-O-O c6 25.Qc4 Qxc4+ 26.Nxc4 b5 27.axb5 
cxb5 28.Nxa5 Rg2 29.Kd2 h5 30.Rh1 Ra8 31.b4 g6 32.d4 Re8 33.Kd3 Rg3 34.Rh4
f5 35.e5 g5 36.Rxh5 f4 37.Kd2 f3 38.Bxb5 Rg2+ 39.Kc3 Rc8+ 40.Nc6 f2 41.d5 
Kg7 42.Bd3 Rg3 43.Kd2 Rg2 44.Rh7+ Kg8 45.Ne7+ Kf8 46.Bf1 1-0

[Event "20th EUR-ch"]
[Site "Skopje MKD"]
[Date "2019.03.25"]
[Round "7"]
[White "Livaic, Leon"]
[Black "Pogosyan, Stefan"]
[Result "1-0"]
[WhiteElo "2477"]
[BlackElo "2347"]
[EventDate "2019.03.18"]
[Board "114"]
[PlyCount "55"]

1.d4 f5 2.c4 Nf6 3.Nc3 g6 4.h4 Bg7 5.h5 Nxh5 6.e4 fxe4 7.Rxh5 gxh5 8.Qxh5+
Kf8 9.Bh6 e6 10.Nxe4 Qe7 11.O-O-O Bxh6+ 12.Qxh6+ Ke8 13.d5 d6 14.dxe6 Rf8 
15.Nf3 Bxe6 16.Re1 Kd7 17.Nfg5 Na6 18.g3 Bg8 19.Nc5+ Nxc5 20.Rxe7+ Kxe7 
21.Qg7+ Bf7 22.Nxh7 Rg8 23.Qf6+ Ke8 24.Qh4 Rg7 25.Nf6+ Kf8 26.b4 Ne6 27.
Qh8+ Bg8 28.Nxg8 1-0

[Event "20th EUR-ch"]
[Site "Skopje MKD"]
[Date "2019.03.25"]
[Round "7"]
[White "Haldorsen, Benjamin"]
[Black "Paszewski, Mateusz"]
[Result "1/2-1/2"]
[WhiteElo "2448"]
[BlackElo "2340"]
[EventDate "2019.03.18"]
[Board "115"]
[PlyCount "124"]

1.c4 c6 2.d4 d5 3.cxd5 cxd5 4.Bf4 Nc6 5.e3 Nf6 6.Nc3 Bf5 7.Qb3 Na5 8.Qa4+ 
Bd7 9.Qc2 e6 10.Bd3 Be7 11.h3 Rc8 12.Nf3 b5 13.a3 O-O 14.O-O Qb6 15.Ne5 
Rfd8 16.Nxd7 Nxd7 17.Bxh7+ Kf8 18.Bd3 Nc4 19.Qe2 Nf6 20.Rfc1 Rc6 21.b3 
Nxa3 22.Nxb5 Nxb5 23.Bxb5 Rxc1+ 24.Rxc1 Bd6 25.Rc6 Qb8 26.Rxd6 Rxd6 27.g4 
Ne4 28.Bd3 Qxb3 29.Bxe4 Rc6 30.Bf3 a5 31.e4 Rc2 32.Qd1 Rc3 33.Qxb3 Rxb3 
34.Kg2 dxe4 35.Bxe4 Ke7 36.d5 exd5 37.Bxd5 Rd3 38.Be4 Rd4 39.Kf3 a4 40.Be5
Rd8 41.Bxg7 a3 42.g5 a2 43.Ke2 Kd6 44.h4 Re8 45.Kd3 Rb8 46.h5 Rb1 47.Ke3 
a1=Q 48.Bxa1 Rxa1 49.Kf4 Ke7 50.h6 Kf8 51.Ke5 Ra6 52.f4 Re6+ 53.Kf5 Ra6 
54.Bd5 Ra1 55.Ke5 Ra6 56.f5 Ra1 57.Bc4 Rc1 58.Bd5 Ra1 59.g6 fxg6 60.fxg6 
Rg1 61.Be4 Rxg6 62.Bxg6 Kg8 1/2-1/2

[Event "20th EUR-ch"]
[Site "Skopje MKD"]
[Date "2019.03.25"]
[Round "7"]
[White "Dimic, Pavle"]
[Black "Muradli, Mahammad"]
[Result "1-0"]
[WhiteElo "2351"]
[BlackElo "2444"]
[EventDate "2019.03.18"]
[Board "116"]
[PlyCount "89"]

1.d4 d5 2.c4 e6 3.Nc3 Be7 4.Nf3 Nf6 5.Qc2 O-O 6.Bg5 h6 7.Bxf6 Bxf6 8.O-O-O
c5 9.dxc5 d4 10.e3 dxc3 11.Rxd8 cxb2+ 12.Kb1 Rxd8 13.h4 Nc6 14.a3 a5 15.
Be2 e5 16.Bd3 Nb4 17.axb4 axb4 18.Bh7+ Kh8 19.Kxb2 e4+ 20.Nd4 Kxh7 21.
Qxe4+ Kg8 22.Ra1 Rxa1 23.Kxa1 Be6 24.Qxb7 Bxd4+ 25.exd4 Rxd4 26.Qxb4 Rxc4 
27.Qb6 h5 28.Kb2 Kh7 29.g3 g6 30.c6 Kg8 31.c7 Kg7 32.Qb5 Re4 33.Kc3 Kh7 
34.Kd3 Re1 35.Kd2 Ra1 36.Qc6 Ra2+ 37.Ke3 Ra3+ 38.Kd4 Ra2 39.Ke3 Ra3+ 40.
Kf4 Ra2 41.f3 Re2 42.c8=Q Bxc8 43.Qxc8 Kg7 44.Qc3+ Kh7 45.Qf6 1-0